League of Legends - Champions avec le + de penta - Statistiques

Statistiques générales
  • Ce quiz a été pris 969 fois
  • Le résultat moyen est 9 sur 20
Statistiques - réponses
Hint Réponse % Correct
0.0066 Jinx
76%
0.0213 Samira
74%
0.0097 Katarina
71%
0.0075 Darius
65%
0.0082 Kai'sa
61%
0.0061 Miss fortune
54%
0.0146 Maitre yi
52%
0.0042 Zeri
49%
0.0063 Draven
46%
0.0078 Vayne
46%
0.0047 Tristana
45%
0.0045 Twitch
41%
0.0036 Lucian
40%
0.0040 Kalista
38%
0.0039 Xayah
38%
0.0045 Sivir
35%
0.0055 Kassadin
31%
0.0061 Nilah
25%
0.0048 Hecarim
15%
0.0042 Vladimir
11%
Aucun quiz correspondant
Distribution des résultats
% des personnes avec chaque résultat
Percentile par nombre de réponses
Votre historique - résultats
Vous n’avez pas pris ce quiz